000 00709cam a22002413a 4500
001 3144
003 PGUSA
005 20140828083026.0
008 020301s2002||||xxu|||||s|||||000 | eng d
040 _aPGUSA
_beng
042 _adc
050 4 _aPR
100 1 _aKingsley, Charles,
_d1819-1875
245 1 0 _aFroude's History of England
_h[electronic resource] /
_cCharles Kingsley
260 _bProject Gutenberg,
_c2002
506 _aPublic domain in the USA.
516 _aElectronic text
653 _aFroude, James Anthony, 1818-1894. History of England
653 _aGreat Britain -- History
830 0 _aProject Gutenberg
_v3144
856 4 0 _uhttp://www.gutenberg.org/ebooks/3144
942 _cEB
999 _c232473
_d232473